Training and development : (Record no. 166197)

MARC details
000 -LEADER
fixed length control field 00780nam a22002177a 4500
005 - DATE AND TIME OF LATEST TRANSACTION
control field 20190716151500.0
010 ## - LCCN (DPL NO)
LC control number ENG-125952
020 ## - INTERNATIONAL STANDARD BOOK NUMBER
International Standard Book Number 97893534357428
Terms of availability 495.00
035 ## - SYSTEM CONTROL NUMBER
System control number EN-109484
037 ## - SOURCE OF ACQUISITION
Source of stock number/acquisition DBAD/PUB
082 ## - DEWEY DECIMAL CLASSIFICATION NUMBER
Classification number 331
100 ## - MAIN ENTRY--PERSONAL NAME
Personal name Beebe, Steven A.
245 ## - TITLE STATEMENT
Title Training and development :
Statement of responsibility, etc by Steven A.Beebe, Timothy P.Mottet [and] K.David Roach
Remainder of title communicating for success /
260 ## - PUBLICATION, DISTRIBUTION, ETC. (IMPRINT)
Place of publication, distribution, etc Noida
Name of publisher, distributor, etc Pearson India Education
Date of publication, distribution, etc 2019
270 ## - ADDRESS
Address 15th Floor, Tower-B, World Trade Tower, Plot No.I, Block-C, Sector 16
City Noida, Uttar Pradesh
Postal code 201301
Electronic mail address companysecretary.india@pearson.com
300 ## - PHYSICAL DESCRIPTION
Extent xv,321p.
Dimensions 23cm(pbk)
500 ## - GENERAL NOTE
General note Includes index
700 ## - ADDED ENTRY--PERSONAL NAME
Personal name Motte, Timothy P.
700 ## - ADDED ENTRY--PERSONAL NAME
Personal name Roach, K.David
942 ## - ADDED ENTRY ELEMENTS (KOHA)
Source of classification or shelving scheme Dewey Decimal Classification
Item type English Books
Classification part 331
Call number suffix BEB
Holdings
Withdrawn status Lost status Not for loan Collection code Home library Current library Date acquired Source of acquisition Cost, normal purchase price Full call number Barcode Copy number Cost, replacement price Koha item type
      Non-fiction Ashok Vihar Ashok Vihar 16/07/2019 DBAD/PUB 495.00 331 BEB EN-109484 1 495.00 English Books

© Delhi Public Library
Hit Counter
free hit counter